[Event "Penang op-A 5th"]
[Site "Penang"]
[Date "2013.12.13"]
[Round "8"]
[White "William, Lee Kah Howe"]
[Black "Chuah, Hao Feng"]
[Result "1-0"]
[WhiteElo "1798"]
[BlackElo "1685"]
[PlyCount "73"]
[EventDate "2013.12.09"]
[EventType "swiss"]
[EventRounds "9"]
[EventCountry "MAS"]
[SourceTitle "CBM 157 Extra"]
[Source "ChessBase"]
[SourceDate "2013.12.19"]
[SourceVersion "1"]
[SourceVersionDate "2013.12.19"]
[SourceQuality "1"]

1. d4 d5 2. Nc3 Nf6 3. Bg5 Nbd7 4. f3 h6 5. Bf4 c6 6. Qd2 e6 7. g4 Be7 8. h4 Nb6 9. b3 Bd6 10. e3 Qc7 11. Qh2 Bxf4 12. Qxf4 Qxf4 13. exf4 Nbd7 14. Bd3 a6 15. a4 c5 16. Nge2 b6 17. 0-0-0 Bb7 18. g5 Ng8 19. a5 b5 20. dxc5 Nxc5 21. Nd4 0-0-0 22. b4 Nxd3+ 23. cxd3 Ne7 24. h5 Nf5 25. Nxf5 exf5 26. d4 Rde8 27. Kd2 Re6 28. Rde1 Rhe8 29. Rxe6 Rxe6 30. Nd1 hxg5 31. fxg5 Re8 32. h6 g6 33. Nf2 Kc7 34. Re1 Rf8 35. Re7+ Kc6 36. Nd3 Bc8 37. Ne5+ 1-0

[Event "Penang op-A 5th"]
[Site "Penang"]
[Date "2013.12.12"]
[Round "6"]
[White "William, Lee Kah Howe"]
[Black "Hng, Mei En Emmanuelle"]
[Result "1-0"]
[WhiteElo "1798"]
[BlackElo "1678"]
[PlyCount "147"]
[EventDate "2013.12.09"]
[EventType "swiss"]
[EventRounds "9"]
[EventCountry "MAS"]
[SourceTitle "CBM 157 Extra"]
[Source "ChessBase"]
[SourceDate "2013.12.19"]
[SourceVersion "1"]
[SourceVersionDate "2013.12.19"]
[SourceQuality "1"]

1. d4 Nf6 2. c4 e5 3. dxe5 Ng4 4. e4 Nxe5 5. Be3 Nbc6 6. f3 Bb4+ 7. Nd2 Qe7 8. a3 Bc5 9. Qb3 Nd4 10. Bxd4 Bxd4 11. Ne2 Bxb2 12. Ra2 Qd6 13. Rxb2 Nd3+ 14. Kd1 Nf2+ 15. Kc1 Nxh1 16. Qc3 0-0 17. Nd4 Qf6 18. g3 d6 19. N2b3 a6 20. Qe3 Bd7 21. Bg2 c5 22. Ne2 b5 23. Bxh1 Be6 24. Nd2 Rab8 25. Bg2 bxc4 26. Rxb8 Rxb8 27. Qc3 Qh6 28. h4 f5 29. Nf4 Bd7 30. Bf1 Kh8 31. Bxc4 fxe4 32. Nxe4 Be8 33. Ng5 Rd8 34. Bd5 Qf6 35. Qxf6 gxf6 36. Ne4 f5 37. Ne6 Rd7 38. Nf6 Re7 39. Nxe8 Rxe8 40. Kc2 a5 41. Kb3 Rb8+ 42. Ka4 h6 43. Kxa5 Kh7 44. Ka6 Rb2 45. Nf4 Kg7 46. a4 Kf6 47. a5 Ke5 48. Ka7 Kd4 49. a6 c4 50. Ka8 c3 51. Bb7 Ke3 52. Nd5+ Kd2 53. Nxc3 Kxc3 54. a7 Kc4 55. Kb8 Ra2 56. a8Q Rxa8+ 57. Bxa8 d5 58. Bc6 Kd4 59. Kc7 Ke5 60. Kd7 d4 61. Bb5 h5 62. Bd3 f4 63. g4 hxg4 64. fxg4 f3 65. g5 Kf4 66. g6 Ke3 67. g7 Kxd3 68. g8Q f2 69. Qg2 Ke2 70. Qe4+ Kd2 71. Qxd4+ Ke1 72. Qxf2+ Kxf2 73. h5 Kg3 74. h6 1-0

[Event "Penang op-A 5th"]
[Site "Penang"]
[Date "2013.12.09"]
[Round "1"]
[White "Menkinoski, Riste"]
[Black "William, Lee Kah Howe"]
[Result "1-0"]
[WhiteElo "2359"]
[BlackElo "1798"]
[PlyCount "47"]
[EventDate "2013.12.09"]
[EventType "swiss"]
[EventRounds "9"]
[EventCountry "MAS"]
[SourceTitle "CBM 157 Extra"]
[Source "ChessBase"]
[SourceDate "2013.12.19"]
[SourceVersion "1"]
[SourceVersionDate "2013.12.19"]
[SourceQuality "1"]

1. e4 d6 2. d4 g6 3. Nc3 Bg7 4. Bg5 h6 5. Bh4 Nd7 6. Qd2 a6 7. f4 b6 8. Nf3 Bb7 9. d5 c5 10. a4 Qc7 11. Bc4 Ngf6 12. 0-0 0-0 13. Rae1 Rfe8 14. e5 Nh7 15. Ne4 dxe5 16. d6 Qc8 17. dxe7 Bxe4 18. Rxe4 Nhf6 19. Rxe5 Nxe5 20. fxe5 Nh7 21. Bxf7+ Kh8 22. Bxg6 Qe6 23. Qd3 c4 24. Qe4 1-0

[Event "Penang op 4th"]
[Site "Penang"]
[Date "2012.12.14"]
[Round "7"]
[White "Tin, Ruiqi"]
[Black "William, Lee Kah Howe"]
[Result "0-1"]
[WhiteElo "1569"]
[BlackElo "1772"]
[PlyCount "122"]
[EventDate "2012.12.11"]
[EventType "swiss"]
[EventRounds "9"]
[EventCountry "MAS"]
[SourceTitle "EXT 2014"]
[Source "ChessBase"]
[SourceDate "2013.11.20"]
[SourceVersion "1"]
[SourceVersionDate "2013.11.20"]
[SourceQuality "1"]

1. e4 c5 2. Nf3 Nc6 3. d4 cxd4 4. Nxd4 Nf6 5. Nc3 d6 6. f3 e5 7. Nb3 a5 8. Be3 a4 9. Nc1 Be7 10. N1e2 Be6 11. Nd5 Bxd5 12. exd5 Nb8 13. Qd2 Nbd7 14. Ng3 Qa5 15. Qxa5 Rxa5 16. c4 g6 17. Bd3 0-0 18. Kd2 Nc5 19. Bxc5 Rxc5 20. Rhc1 Rfc8 21. b3 R5c7 22. Rc2 Nd7 23. Rb1 f5 24. Ke2 b5 25. Kd1 axb3 26. axb3 bxc4 27. bxc4 Nc5 28. Be2 Kf7 29. Rcb2 Na4 30. Rc2 Bf6 31. Ra1 Ra8 32. Rac1 h5 33. Nf1 Rb8 34. Nd2 Bg5 35. Ra1 Nc5 36. Ra3 Rcb7 37. Ke1 e4 38. fxe4 fxe4 39. Kd1 Rb1+ 40. Rc1 Rxc1+ 41. Kxc1 Nb3+ 42. Rxb3 Rxb3 43. Kc2 Re3 44. Kd1 Ke7 45. Bf1 Kd7 46. Be2 Kc7 47. Bf1 Kb6 48. Be2 Kc5 49. Bf1 Kd4 50. Be2 Rxe2 51. Kxe2 Bxd2 52. Kxd2 Kxc4 53. Ke3 Kxd5 54. Kf4 Kd4 55. Kg5 e3 56. Kxg6 e2 57. Kxh5 e1Q 58. g4 Ke5 59. h4 Kf6 60. g5+ Kf5 61. g6 Qe8 0-1

[Event "Penang op 4th"]
[Site "Penang"]
[Date "2012.12.14"]
[Round "8"]
[White "William, Lee Kah Howe"]
[Black "Aris, TLS"]
[Result "0-1"]
[WhiteElo "1772"]
[BlackElo "2229"]
[PlyCount "90"]
[EventDate "2012.12.11"]
[EventType "swiss"]
[EventRounds "9"]
[EventCountry "MAS"]
[SourceTitle "EXT 2014"]
[Source "ChessBase"]
[SourceDate "2013.11.20"]
[SourceVersion "1"]
[SourceVersionDate "2013.11.20"]
[SourceQuality "1"]

1. d4 Nf6 2. c4 e6 3. Nc3 d5 4. cxd5 exd5 5. Bg5 c6 6. e3 Bb4 7. Bd3 Qa5 8. Qc2 Nbd7 9. Nf3 h6 10. Bxf6 Nxf6 11. 0-0 Bd6 12. a3 0-0 13. b4 Qd8 14. h3 Re8 15. b5 Bd7 16. Rac1 Rc8 17. bxc6 Rxc6 18. Qa2 a6 19. Rc2 Qa5 20. Ne2 Rxc2 21. Bxc2 Rc8 22. Bb3 Bb5 23. Ne5 Bxe2 24. Qxe2 Qc3 25. Qa2 Bxe5 26. dxe5 Qxe5 27. Rd1 Rc5 28. Rd2 Rc1+ 29. Rd1 Rc5 30. Rd2 b5 31. Rc2 Rxc2 32. Qxc2 Qa1+ 33. Kh2 Qe5+ 34. Kg1 Qd6 35. Qc8+ Kh7 36. Qc2+ g6 37. Qb2 Kg7 38. Bc2 Qc5 39. g4 a5 40. Bd3 b4 41. axb4 Qxb4 42. Qa1 a4 43. Kf1 a3 44. Ke2 d4 45. Bb1 Nd5 0-1

[Event "Penang op 4th"]
[Site "Penang"]
[Date "2012.12.13"]
[Round "5"]
[White "Trenseno, Felica"]
[Black "William, Lee Kah Howe"]
[Result "1-0"]
[WhiteElo "1992"]
[BlackElo "1772"]
[PlyCount "49"]
[EventDate "2012.12.11"]
[EventType "swiss"]
[EventRounds "9"]
[EventCountry "MAS"]
[SourceTitle "EXT 2014"]
[Source "ChessBase"]
[SourceDate "2013.11.20"]
[SourceVersion "1"]
[SourceVersionDate "2013.11.20"]
[SourceQuality "1"]

1. e4 e6 2. d4 d5 3. Nc3 Bb4 4. a3 Bxc3+ 5. bxc3 Ne7 6. Qg4 0-0 7. e5 c5 8. Ne2 Nbc6 9. Nf4 Ng6 10. Nxg6 fxg6 11. h4 Qe8 12. Be3 c4 13. Be2 Ne7 14. h5 gxh5 15. Rxh5 Rf5 16. Rh2 Ng6 17. Kd2 Nf8 18. Rah1 Bd7 19. Rh4 Ba4 20. Qh3 Rf7 21. Rxh7 Nxh7 22. Qxh7+ Kf8 23. Bg5 Rxf2 24. Rf1 Rxf1 25. Qh8+ 1-0

[Event "Penang op 4th"]
[Site "Penang"]
[Date "2012.12.11"]
[Round "1"]
[White "Bitoon, Jimson"]
[Black "William, Lee Kah Howe"]
[Result "1-0"]
[WhiteElo "2290"]
[BlackElo "1772"]
[PlyCount "44"]
[EventDate "2012.12.11"]
[EventType "swiss"]
[EventRounds "9"]
[EventCountry "MAS"]
[SourceTitle "EXT 2014"]
[Source "ChessBase"]
[SourceDate "2013.11.20"]
[SourceVersion "1"]
[SourceVersionDate "2013.11.20"]
[SourceQuality "1"]

1. e4 d6 2. d4 Nf6 3. Nc3 Nbd7 4. f4 e5 5. Nf3 exd4 6. Nxd4 Nc5 7. Bd3 Be7 8. 0-0 0-0 9. Kh1 Re8 10. e5 dxe5 11. fxe5 Ng4 12. e6 Nxe6 13. Nf5 Ne5 14. Nxe7+ Qxe7 15. Bxh7+ Kxh7 16. Qh5+ Kg8 17. Qxe5 Bd7 18. Nd5 Qd6 19. Qh5 Rf8 20. Bf4 Nxf4 21. Rxf4 Qh6 22. Qxh6 gxh6 1-0

[Event "Wch U14"]
[Site "Maribor"]
[Date "2012.11.17"]
[Round "10.72"]
[White "William, Lee Kah Howe"]
[Black "Ali, Abdulaziz"]
[Result "0-1"]
[WhiteElo "1798"]
[BlackElo "1646"]
[PlyCount "62"]
[EventDate "2012.11.08"]
[EventType "swiss"]
[EventRounds "11"]
[EventCountry "SLO"]
[SourceTitle "EXT 2013"]
[Source "ChessBase"]
[SourceDate "2012.11.22"]
[SourceVersion "1"]
[SourceVersionDate "2012.11.22"]
[SourceQuality "1"]

1. d4 d5 2. c4 e6 3. Nc3 Be7 4. cxd5 exd5 5. Nf3 Nf6 6. Bg5 0-0 7. e3 Re8 8. Bd3 Nbd7 9. Qc2 Nf8 10. 0-0 c6 11. Rab1 a5 12. a3 Bd6 13. b4 axb4 14. axb4 Bg4 15. Nd2 Bh5 16. b5 Bxh2+ 17. Kh1 Bc7 18. bxc6 bxc6 19. Na4 h6 20. Bxf6 Qxf6 21. g3 Bf3+ 22. Kg1 Bg4 23. Nc5 Bh3 24. Rfc1 Qg5 25. Nf3 Qh5 26. Nh2 Bxg3 27. fxg3 Rxe3 28. Kf2 Rae8 29. Re1 Qg5 30. g4 Qf4+ 31. Kg1 Rxe1+ 0-1

[Event "Wch U14"]
[Site "Maribor"]
[Date "2012.11.15"]
[Round "8.53"]
[White "William, Lee Kah Howe"]
[Black "Gonzalez, Andres Felipe"]
[Result "0-1"]
[WhiteElo "1798"]
[BlackElo "1988"]
[PlyCount "174"]
[EventDate "2012.11.08"]
[EventType "swiss"]
[EventRounds "11"]
[EventCountry "SLO"]
[SourceTitle "EXT 2013"]
[Source "ChessBase"]
[SourceDate "2012.11.22"]
[SourceVersion "1"]
[SourceVersionDate "2012.11.22"]
[SourceQuality "1"]

1. d4 Nf6 2. c4 g6 3. Nc3 Bg7 4. e4 d6 5. Be2 0-0 6. Be3 e5 7. d5 a5 8. g4 Na6 9. Nh3 Nc5 10. f3 Nh5 11. Bf1 Nf4 12. Nxf4 exf4 13. Bd4 Bxd4 14. Qxd4 Qh4+ 15. Kd2 Bd7 16. Rd1 h5 17. gxh5 Qxh5 18. Be2 Bh3 19. Rhg1 Nd7 20. Kc1 Qe5 21. Qf2 Kg7 22. Nb5 Rac8 23. Na7 Rb8 24. Nb5 c5 25. Qh4 Rh8 26. Qg5 Qxg5 27. Rxg5 Kf6 28. Rgg1 Ke7 29. Rd2 Ne5 30. b3 Bd7 31. Bd1 Bxb5 32. cxb5 Rh3 33. Rf1 c4 34. bxc4 Nxc4 35. Re2 Rc8 36. Rc2 Kd7 37. Rff2 Ne5 38. Be2 Rch8 39. b6 Rc8 40. Rxc8 Kxc8 41. Kb2 Nd7 42. Bf1 Rh7 43. Rc2+ Kb8 44. Bb5 Nxb6 45. Kb3 f6 46. Be8 g5 47. Bg6 Rg7 48. Bf5 Ka7 49. Ka3 Ka6 50. Kb3 Kb5 51. Bh3 a4+ 52. Kb2 Nc4+ 53. Kc3 Kc5 54. Be6 b5 55. h3 Ra7 56. Kd3 a3 57. Rc3 Ra4 58. Rb3 Nb2+ 59. Kc3 Rc4+ 60. Kd2 b4 61. Bc8 Rd4+ 62. Kc2 Rd1 63. Ba6 Ra1 64. Bc8 Rxa2 65. Kb1 Nd3 66. Rxd3 Rh2 67. Ka1 Kc4 68. Ba6+ Kc5 69. Bc8 Re2 70. Ba6 Kb6 71. Bc4 Rh2 72. Kb1 Rxh3 73. Ka2 Rh2+ 74. Kb1 Kc5 75. Bb3 Rh3 76. Kc2 Kb5 77. Ba2 Rh2+ 78. Kb1 Rb2+ 79. Ka1 Ka4 80. Bb1 b3 81. Rd4+ Ka5 82. Rd3 Kb4 83. Rd4+ Kc3 84. Rd3+ Kc4 85. Rd1 Rf2 86. Rc1+ Kb4 87. Bd3 b2+ 0-1

[Event "Wch U14"]
[Site "Maribor"]
[Date "2012.11.09"]
[Round "2.71"]
[White "William, Lee Kah Howe"]
[Black "Choi, Ian"]
[Result "0-1"]
[WhiteElo "1798"]
[BlackElo "1478"]
[PlyCount "102"]
[EventDate "2012.11.08"]
[EventType "swiss"]
[EventRounds "11"]
[EventCountry "SLO"]
[SourceTitle "EXT 2013"]
[Source "ChessBase"]
[SourceDate "2012.11.22"]
[SourceVersion "1"]
[SourceVersionDate "2012.11.22"]
[SourceQuality "1"]

1. d4 d5 2. c4 e6 3. Nc3 c6 4. Nf3 dxc4 5. a4 Bb4 6. e3 b5 7. Bd2 Bxc3 8. Bxc3 Nf6 9. Qc2 Qd5 10. Be2 Bb7 11. 0-0 0-0 12. Nd2 Qg5 13. Bf3 a6 14. Ne4 Nxe4 15. Bxe4 f5 16. f4 Qh6 17. Bf3 Nd7 18. Bb4 Rfd8 19. Qe2 Nf6 20. Rfc1 Nd5 21. Ba5 Rd7 22. Bxd5 exd5 23. Rf1 Re7 24. Rf3 Rae8 25. Bb4 Re4 26. Qf2 Qe6 27. Ra3 Ra8 28. a5 Bc8 29. Rh3 Bd7 30. Qh4 h6 31. Qf2 Qg6 32. Rg3 Qh5 33. Qf3 Be8 34. Rh3 Qxf3 35. gxf3 Re6 36. Kf2 Bf7 37. Ra1 Rae8 38. Re1 Bg6 39. Rg3 Kf7 40. h4 Bh5 41. Reg1 Rxe3 42. Rxg7+ Kf6 43. R1g3 Rxf3+ 44. Rxf3 Kxg7 45. Re3 Re4 46. Bd6 Kf7 47. Be5 b4 48. Rxe4 fxe4 49. Ke3 c3 50. bxc3 b3 51. Kd2 e3+ 0-1

[Event "Wch U14"]
[Site "Maribor"]
[Date "2012.11.08"]
[Round "1.25"]
[White "Vorontsov, Pavlo"]
[Black "William, Lee Kah Howe"]
[Result "1-0"]
[WhiteElo "2220"]
[BlackElo "1798"]
[PlyCount "85"]
[EventDate "2012.11.08"]
[EventType "swiss"]
[EventRounds "11"]
[EventCountry "SLO"]
[SourceTitle "EXT 2013"]
[Source "ChessBase"]
[SourceDate "2012.11.22"]
[SourceVersion "1"]
[SourceVersionDate "2012.11.22"]
[SourceQuality "1"]

1. e4 e6 2. Qe2 d5 3. d3 dxe4 4. dxe4 e5 5. Nf3 Nd7 6. c3 c6 7. Qc2 Be7 8. Nbd2 Ngf6 9. Nc4 Qc7 10. Bg5 b5 11. Ne3 Nc5 12. Bxf6 Bxf6 13. b4 Ne6 14. a4 bxa4 15. Rxa4 Bd7 16. Ra5 Ng5 17. Nxg5 Bxg5 18. Nc4 Bf6 19. Be2 0-0 20. 0-0 Be6 21. Rfa1 Bxc4 22. Bxc4 Rfd8 23. Qa4 Rd7 24. Rc5 Rad8 25. Bd5 Rd6 26. Rxc6 Rxc6 27. Qxc6 Qxc6 28. Bxc6 Bg5 29. Bd5 Rd7 30. c4 Be7 31. c5 Rc7 32. Kf1 Kf8 33. Ke2 Ke8 34. Ra5 Bf8 35. Rb5 Ke7 36. Rb8 g6 37. Kd3 h5 38. Kc4 Bh6 39. Kb5 Bd2 40. Ka6 Be1 41. Rb7 Rxb7 42. Kxb7 Bxb4 43. c6 1-0

[Event "World ol U16 11th"]
[Site "Istanbul"]
[Date "2012.09.04"]
[Round "9.14"]
[White "William, Lee Kah Howe"]
[Black "Jensen, Tobias Ilsoe"]
[Result "1/2-1/2"]
[WhiteElo "1798"]
[BlackElo "1812"]
[PlyCount "57"]
[EventDate "2012.08.29"]
[EventType "team-swiss"]
[EventRounds "10"]
[EventCountry "TUR"]
[SourceTitle "CBM 150 Extra"]
[Source "ChessBase"]
[SourceDate "2012.10.19"]
[SourceVersion "1"]
[SourceVersionDate "2012.10.19"]
[SourceQuality "1"]
[WhiteTeam "Malaysia (U16)"]
[BlackTeam "Denmark (U16)"]
[WhiteTeamCountry "MAS"]
[BlackTeamCountry "DEN"]

1. d4 Nf6 2. Nc3 d5 3. Bg5 Nbd7 4. f3 c6 5. Qd2 e5 6. dxe5 Nxe5 7. e4 Bb4 8. 0-0-0 0-0 9. exd5 cxd5 10. Qd4 Bxc3 11. Qxc3 Re8 12. Bb5 Bd7 13. Bxd7 Nexd7 14. Nh3 Rc8 15. Qd2 Qc7 16. Nf4 Re5 17. Bxf6 Nxf6 18. c3 a5 19. Kb1 a4 20. Nd3 Re6 21. a3 Qc4 22. Rhe1 Rce8 23. Rxe6 Rxe6 24. Nf4 Rd6 25. Qd4 b5 26. Qxc4 bxc4 27. h4 h5 28. Kc2 Kf8 29. Rd4 1/2-1/2

[Event "World ol U16 11th"]
[Site "Istanbul"]
[Date "2012.09.03"]
[Round "8.14"]
[White "William, Lee Kah Howe"]
[Black "Puccini, Jack"]
[Result "0-1"]
[WhiteElo "1798"]
[BlackElo "1839"]
[PlyCount "62"]
[EventDate "2012.08.29"]
[EventType "team-swiss"]
[EventRounds "10"]
[EventCountry "TUR"]
[SourceTitle "CBM 150 Extra"]
[Source "ChessBase"]
[SourceDate "2012.10.19"]
[SourceVersion "1"]
[SourceVersionDate "2012.10.19"]
[SourceQuality "1"]
[WhiteTeam "Malaysia (U16)"]
[BlackTeam "Australia (U16) III"]
[WhiteTeamCountry "MAS"]
[BlackTeamCountry "AUS"]

1. d4 Nf6 2. c4 g6 3. Nc3 Bg7 4. e4 d6 5. Be2 0-0 6. Be3 e5 7. d5 c6 8. f3 a6 9. g4 cxd5 10. cxd5 b5 11. a3 Nbd7 12. Nh3 Nb6 13. Nf2 Rb8 14. Qd2 Nc4 15. Bxc4 bxc4 16. h4 h5 17. Rg1 hxg4 18. fxg4 Nd7 19. 0-0-0 Qc7 20. h5 Nc5 21. Bxc5 Qxc5 22. h6 Bf6 23. g5 Bd8 24. Ng4 Bxg4 25. Rxg4 Rb3 26. Qe2 Ba5 27. Qf3 Bxc3 28. h7+ Kxh7 29. Rh1+ Kg8 30. bxc3 Qxa3+ 31. Kd1 Rb1+ 0-1

[Event "World ol U16 11th"]
[Site "Istanbul"]
[Date "2012.08.30"]
[Round "2.18"]
[White "William, Lee Kah Howe"]
[Black "Ayan, Bengu Sena"]
[Result "1-0"]
[WhiteElo "1798"]
[BlackElo "1475"]
[PlyCount "103"]
[EventDate "2012.08.29"]
[EventType "team-swiss"]
[EventRounds "10"]
[EventCountry "TUR"]
[SourceTitle "CBM 150 Extra"]
[Source "ChessBase"]
[SourceDate "2012.10.19"]
[SourceVersion "1"]
[SourceVersionDate "2012.10.19"]
[SourceQuality "1"]
[WhiteTeam "Malaysia (U16)"]
[BlackTeam "Turkey White U16 Girls"]
[WhiteTeamCountry "MAS"]
[BlackTeamCountry "TUR"]

1. d4 Nf6 2. c4 c5 3. d5 b5 4. cxb5 a6 5. bxa6 Bxa6 6. Nc3 g6 7. Nf3 d6 8. g3 Bg7 9. Bg2 Nbd7 10. Rb1 0-0 11. 0-0 Qa5 12. Qc2 Rfb8 13. Bd2 Qc7 14. b3 Nb6 15. Nh4 Nbd7 16. Rfe1 Ne5 17. f4 Ned7 18. h3 Rc8 19. e4 Ne8 20. Nf3 Bd4+ 21. Kh2 Bf2 22. Rec1 Ng7 23. Nd1 Bxg3+ 24. Kxg3 Nh5+ 25. Kh2 Ndf6 26. Nf2 Qb6 27. Be3 Qa5 28. Nd2 Qc7 29. Nc4 Bxc4 30. bxc4 Qa5 31. Rb2 Qa3 32. Qb3 Qa7 33. Rcb1 Qc7 34. Bd2 Ra6 35. a4 Rca8 36. a5 Qd7 37. Qb5 Qc7 38. Qb7 Qd8 39. Bf3 R6a7 40. Qb6 Qc8 41. Bd1 Qd7 42. Qb5 Qd8 43. Ba4 Nd7 44. Qb3 Qc7 45. Bc6 Rb8 46. Qa4 Rxb2 47. Rxb2 Ndf6 48. a6 Qc8 49. Rb7 Ra8 50. a7 Qd8 51. Qb5 Qc8 52. Rb8 1-0

[Event "Asia-ch U14"]
[Site "Hikkaduwa"]
[Date "2012.06.26"]
[Round "1.2"]
[White "Aravindh, Chithambaram VR"]
[Black "William, Lee Kah Howe"]
[Result "1-0"]
[WhiteElo "2228"]
[BlackElo "1797"]
[PlyCount "43"]
[EventDate "2012.06.26"]
[EventType "swiss"]
[EventRounds "9"]
[EventCountry "SRI"]
[SourceTitle "EXT 2024"]
[Source "ChessBase"]
[SourceDate "2023.10.10"]
[SourceVersion "1"]
[SourceVersionDate "2023.10.10"]
[SourceQuality "1"]

1. e4 e6 2. d4 d5 3. Nc3 dxe4 4. Nxe4 Bd7 5. Nf3 Bc6 6. Bd3 Nd7 7. Qe2 Ngf6 8. Bd2 Be7 9. 0-0-0 0-0 10. h4 Re8 11. Neg5 h6 12. Ne5 Nxe5 13. dxe5 Nd7 14. Bh7+ Kf8 15. Nxf7 Kxf7 16. Qh5+ Kf8 17. Bxh6 Bf6 18. exf6 Qxf6 19. Bg5 Qf7 20. Bg6 Qg8 21. Rxd7 Bxd7 22. Qf3+ 1-0

[Event "Brunei Campomanes Memorial"]
[Site "Bandar Seri Begawan"]
[Date "2012.04.10"]
[Round "5"]
[White "William, Lee Kah Howe"]
[Black "Turqueza, Mari Joseph"]
[Result "0-1"]
[WhiteElo "1777"]
[BlackElo "2273"]
[PlyCount "36"]
[EventDate "2012.04.08"]
[EventType "swiss"]
[EventRounds "9"]
[EventCountry "BRN"]
[SourceTitle "CBM 147 Extra"]
[Source "ChessBase"]
[SourceDate "2012.04.24"]
[SourceVersion "1"]
[SourceVersionDate "2012.04.24"]
[SourceQuality "1"]

1. d4 Nf6 2. Nc3 d5 3. Bg5 Nbd7 4. f3 c6 5. e3 e6 6. Qd2 b5 7. Nge2 h6 8. Bh4 b4 9. Nd1 c5 10. Bf2 a5 11. c3 Ba6 12. g4 e5 13. Bg2 Bd6 14. 0-0 0-0 15. h4 e4 16. Re1 exf3 17. Bxf3 cxd4 18. Nxd4 Be7 0-1

[Event "Brunei Campomanes Memorial"]
[Site "Bandar Seri Begawan"]
[Date "2012.04.08"]
[Round "1"]
[White "William, Lee Kah Howe"]
[Black "Sriram, Jha"]
[Result "0-1"]
[WhiteElo "1777"]
[BlackElo "2406"]
[PlyCount "50"]
[EventDate "2012.04.08"]
[EventType "swiss"]
[EventRounds "9"]
[EventCountry "BRN"]
[SourceTitle "CBM 147 Extra"]
[Source "ChessBase"]
[SourceDate "2012.04.24"]
[SourceVersion "1"]
[SourceVersionDate "2012.04.24"]
[SourceQuality "1"]

1. d4 f5 2. Nc3 d5 3. Bf4 Nf6 4. e3 e6 5. Bd3 a6 6. Nf3 c5 7. dxc5 Bxc5 8. a3 Nc6 9. b4 Bd6 10. Bxd6 Qxd6 11. b5 Ne7 12. Qb1 e5 13. Be2 0-0 14. Qb4 Qe6 15. 0-0 a5 16. Qb2 b6 17. Rad1 Bb7 18. Na4 Ng6 19. c4 Rac8 20. Ng5 Qd6 21. Nc3 h6 22. Nf3 Qe6 23. cxd5 Nxd5 24. Nxd5 Bxd5 25. Rc1 f4 0-1

[Event "Kuala Lumpur op 8th"]
[Site "Kuala Lumpur"]
[Date "2011.08.18"]
[Round "2"]
[White "Nakamura, Naohiro"]
[Black "William, Lee Kah Howe"]
[Result "1-0"]
[WhiteElo "2033"]
[BlackElo "1800"]
[PlyCount "55"]
[EventDate "2011.08.18"]
[EventType "swiss"]
[EventRounds "9"]
[EventCountry "MAS"]
[SourceTitle "CBM 144 Extra"]
[Source "ChessBase"]
[SourceDate "2011.10.28"]
[SourceVersion "1"]
[SourceVersionDate "2011.10.28"]
[SourceQuality "1"]

1. Nf3 Nf6 2. c4 e6 3. g3 d5 4. d4 c6 5. Bg2 Bd6 6. 0-0 0-0 7. Nc3 Re8 8. Bg5 h6 9. Bxf6 Qxf6 10. e4 dxe4 11. Nxe4 Qe7 12. Nxd6 Qxd6 13. Qe2 Nd7 14. Rfd1 Qe7 15. Rd2 b6 16. Ne5 Nxe5 17. dxe5 Bb7 18. Rad1 Red8 19. Rd6 Rxd6 20. exd6 Qd7 21. c5 b5 22. a4 a5 23. axb5 cxb5 24. Bxb7 Qxb7 25. d7 Rd8 26. Qd3 Qc6 27. Qd6 Qf3 28. c6 1-0

[Event "Kuala Lumpur op 8th"]
[Site "Kuala Lumpur"]
[Date "2011.08.18"]
[Round "1"]
[White "William, Lee Kah Howe"]
[Black "Morris, James"]
[Result "0-1"]
[WhiteElo "1800"]
[BlackElo "2300"]
[PlyCount "48"]
[EventDate "2011.08.18"]
[EventType "swiss"]
[EventRounds "9"]
[EventCountry "MAS"]
[SourceTitle "CBM 144 Extra"]
[Source "ChessBase"]
[SourceDate "2011.10.28"]
[SourceVersion "1"]
[SourceVersionDate "2011.10.28"]
[SourceQuality "1"]

1. e4 c5 2. Nf3 Nc6 3. d4 cxd4 4. Nxd4 g6 5. c4 Bg7 6. Be3 Nf6 7. Nc3 0-0 8. f3 Qb6 9. Qd2 Nxd4 10. Bxd4 Nxe4 11. Bxb6 Nxd2 12. Be3 Nxf1 13. Rxf1 b6 14. Kd2 Ba6 15. Rfe1 Bxc4 16. Bg5 f6 17. Bf4 e5 18. Be3 d5 19. b3 Ba6 20. Bf2 Rac8 21. Ne2 d4 22. Rac1 Bh6+ 23. f4 Bxe2 24. Kxe2 Bxf4 0-1